|
|
|
|
| LEADER |
00880nam a2200253 a 4500 |
| 001 |
1256591 |
| 008 |
100719r19951992si 000 0 eng d |
| 010 |
|
|
|a 11039858
|
| 020 |
|
|
|a 9810211961
|
| 020 |
|
|
|a 9810211953
|
| 040 |
|
|
|a IND
|c IND
|d DB-DhAAL
|
| 082 |
0 |
0 |
|a 512
|2 20
|
| 100 |
1 |
|
|a Moh, T. T.
|
| 245 |
1 |
0 |
|a Algebra /
|c T.T. Moh.
|
| 260 |
|
|
|a Singapore ;
|a River Edge, N.J. :
|b World Scientific,
|c c1992.[reprinted 1995]
|
| 300 |
|
|
|a viii, 350 p. ;
|c 23 cm.
|
| 490 |
1 |
|
|a Series on university mathematics ;
|v v. 5
|
| 504 |
|
|
|a Includes indexes.
|
| 541 |
1 |
|
|e 00014607
|
| 650 |
|
0 |
|a Algebra.
|
| 830 |
|
0 |
|a Series on university mathematics ;
|v v. 5.
|
| 852 |
4 |
|
|a Ayesha Abed Library
|j General Shelf.
|
| 999 |
|
|
|c 9271
|d 9271
|
| 952 |
|
|
|0 0
|1 0
|2 ddc
|4 0
|6 512_MOH_199500000000000
|7 0
|9 11771
|a BRACUL
|b BRACUL
|c GEN
|d 2010-08-26
|l 1
|o 512 MOH
|p 3010014607
|r 2019-02-04
|s 2019-02-04
|t 1
|w 2010-08-26
|y BK
|